Държави със звезда на знамето си - Statistics

General Stats
  • This quiz has been taken 57 times
  • The average score is 29 of 64
Answer Stats
Country % Correct
САЩ
92%
Турция
87%
Китай
82%
Австралия
79%
Нова Зеландия
72%
Бразилия
69%
Виетнам
67%
Алжир
64%
Куба
62%
Тунис
62%
Пакистан
59%
Мароко
56%
Ангола
54%
Чили
54%
Гана
54%
Сирия
54%
Северна Корея
51%
Сенегал
51%
Сомалия
51%
Панама
51%
Таджикистан
51%
Етиопия
49%
Сингапур
49%
Узбекистан
49%
Малайзия
46%
Суринам
46%
Туркменистан
46%
Азербайджан
44%
Израел
44%
Либия
44%
Хондурас
44%
Мианмар
41%
Камерун
41%
Йордания
41%
Венецуела
41%
Мавритания
38%
Източен Тимор
38%
Микронезия
38%
Самоа
38%
Косово
38%
ДР Конго
36%
Либерия
36%
Мозамбик
36%
Южен Судан
36%
Того
36%
ЦАР
33%
Гвинея Бисау
33%
Маршали
33%
Гренада
33%
Босна и Херцеговина
33%
Доминика
33%
Буркина Фасо
31%
Науру
31%
Зимбабве
31%
Сао Томе и Принсипи
31%
Филипини
31%
Папуа Нова Гвинея
31%
Тувалу
31%
Кабо Верде
31%
Джибути
28%
Бурунди
28%
Соломонови острови
28%
Комори
26%
Сейнт Китс и Невис
18%
No matching quizzes found
Score Distribution
Percent of People with Each Score
Percentile by Number Answered
Your Score History
You have not taken this quiz